| LEADER | 01396nam a2200205 4500 | ||
|---|---|---|---|
| 082 | |a 658.0071 |b B103gi. | ||
| 100 | |a Nhiều tác giả | ||
| 245 | |a Bài giảng quản trị học đại cương: Dùng cho sinh viên tại chức |c Nguyễn Ngọc Lâm, Đỗ Văn Phức, Phan Văn Thuận, Nguyễn Quang Chương | ||
| 260 | |a H.: |b Đại học Bách khoa, |c 1997. | ||
| 300 | |a 122 tr.; |c 19 cm. | ||
| 520 | |a v.v... | ||
| 653 | |a Kinh tế | ||
| 942 | |2 ddc |c STK0 | ||
| 999 | |c 7033 |d 7033 | ||
| 952 | |0 0 |1 0 |2 ddc |4 0 |6 658_007100000000000_B103GI |7 0 |8 600 |9 65322 |a qbu |b qbu |c D3 |d 2015-01-27 |o 658.0071 B103gi. |p 6471.c1 |r 0000-00-00 |w 2015-01-27 |y STK0 | ||
| 952 | |0 0 |1 0 |2 ddc |4 0 |6 658_007100000000000_B103GI |7 0 |8 600 |9 65323 |a qbu |b qbu |c D3 |d 2015-01-27 |o 658.0071 B103gi. |p 6471.c2 |r 0000-00-00 |w 2015-01-27 |y STK0 | ||
| 952 | |0 0 |1 0 |2 ddc |4 0 |6 658_007100000000000_B103GI |7 0 |8 600 |9 65324 |a qbu |b qbu |c D3 |d 2015-01-27 |o 658.0071 B103gi. |p 6471.c3 |r 0000-00-00 |w 2015-01-27 |y STK0 | ||
| 952 | |0 0 |1 0 |2 ddc |4 0 |6 658_007100000000000_B103GI |7 0 |8 600 |9 65325 |a qbu |b qbu |c D3 |d 2015-01-27 |o 658.0071 B103gi. |p 6471.c4 |r 0000-00-00 |w 2015-01-27 |y STK0 | ||
| 952 | |0 0 |1 0 |2 ddc |4 0 |6 658_007100000000000_B103GI |7 0 |8 600 |9 65326 |a qbu |b qbu |c D3 |d 2015-01-27 |o 658.0071 B103gi. |p 6471.c5 |r 0000-00-00 |w 2015-01-27 |y STK0 | ||
| 952 | |0 0 |1 0 |2 ddc |4 0 |6 658_007100000000000_B103GI |7 0 |8 600 |9 65327 |a qbu |b qbu |c D3 |d 2015-01-27 |o 658.0071 B103gi. |p 6471.c6 |r 0000-00-00 |w 2015-01-27 |y STK0 | ||